000 00245nam a22001217a 4500
040 _cSK
082 _a641
100 _aNA
245 _aSWeet tamarind; អំពិលផ្អែម
260 _aRUA
_bNA
_cNA
300 _a129p.
942 _cKB
999 _c10214
_d10214